| 000 | 00885nam a2200253 4500 | ||
|---|---|---|---|
| 001 | 178859 | ||
| 003 | ES-MaACL | ||
| 005 | 20240425135250.0 | ||
| 008 | 110720s2008 sp acfo |||| |bspa d | ||
| 020 | _a978-84-204-2249-7 | ||
| 080 | _a929 Benedetti, Mario | ||
| 100 | 1 |
_aCampanella, Hortensia. _934115 |
|
| 245 | 1 | 0 |
_aMario Benedetti _b: un mito discretísimo : biografía / _cHortensia Campanella. |
| 260 |
_a[Madrid] : _bAlfaguara, _c[2008] |
||
| 300 |
_a376 p., [16] p. de lám. fot. ; _c24 cm. |
||
| 500 | _aÍndice onomástico. | ||
| 504 | _aBibliografía: p. 367. | ||
| 600 | 1 | 7 |
_aBenedetti, Mario, _d1920-2009- _vBiografías _2 _9147400 |
| 600 | 1 | 4 |
_aBenedetti, Mario, _d1920-2009 _927492 |
| 852 |
_aES-MaACL _9185724 _bR.145902 _jA-11370 _dOlim: N-4374 _cDEPO1 |
||
| 942 |
_2udc _cMONOGRAFIA |
||
| 999 |
_c178859 _d178859 |
||